[Event "DSJ Weihnachtsturnier U16: Steinitz 2020"]
[Site ""]
[Date "2020.12.28"]
[Round "1"]
[White "von Rosen, Jakob"]
[Black "Bangsa, Citra"]
[Result "1-0"]
[Termination "normal"]
[Board "5.2"]
[WhiteElo "1722"]
[BlackElo "1398"]
[WhiteTeam "SchVgg Blankenese von 1923"]
[BlackTeam "SK Kelheim 1920 2"]
[PlyCount "57"]
[WhiteFideId "12982989"]
[BlackFideId "34605274"]
[EventRounds "7"]
[EventType "team-swiss"]
[EventDate "2020.12.28"]

1. e4 {[%emt 0:00:07] Restarted W (13.22e) Restarted B (13.20e) OK OK} c5 {
[%emt 0:00:07]} 2. Nf3 {[%emt 0:00:40]} Nc6 {[%emt 0:00:03]} 3. d4 {[%emt
0:00:01]} d6 {[%emt 0:00:02]} 4. dxc5 {[%emt 0:00:02]} dxc5 {[%emt 0:00:02]} 5.
Qxd8+ {[%emt 0:00:01]} Nxd8 {[%emt 0:00:02]} 6. Be3 {[%emt 0:00:11]} e6 { [%emt
0:00:16]} 7. Nc3 {[%emt 0:00:09]} a6 {[%emt 0:00:06]} 8. O-O-O {[%emt 0:00:14]}
Nf6 {[%emt 0:00:16]} 9. e5 {[%emt 0:00:04]} Nd7 {[%emt 0:00:03]} 10. Be2 {[%emt
0:00:32]} Be7 {[%emt 0:00:06]} 11. Rd2 {[%emt 0:00:09]} O-O { [%emt 0:00:03]}
12. Rhd1 {[%emt 0:00:02]} Nb6 {[%emt 0:00:10]} 13. Ne4 { [%emt 0:00:10]} Nd5
{[%emt 0:01:51]} 14. Bxc5 {[%emt 0:00:11]} Nc6 {[%emt 0:00:17]} 15. Bxe7 {[%emt
0:00:05]} Ncxe7 {[%emt 0:00:03]} 16. Nd6 {[%emt 0:00:04]} Ng6 {[%emt 0:00:13]}
17. h4 {[%emt 0:00:12]} b5 {[%emt 0:00:41]} 18. h5 { [%emt 0:00:36]} Ngf4
{[%emt 0:00:04]} 19. h6 {[%emt 0:00:03]} g6 {[%emt 0:00:24]} 20. g3 {[%emt
0:00:07]} Nxe2+ {[%emt 0:00:06]} 21. Rxe2 {[%emt 0:00:00]} b4 {[%emt 0:00:17]}
22. Ng5 {[%emt 0:00:07]} a5 {[%emt 0:00:40]} 23. Nge4 { [%emt 0:00:17]} Bd7
{[%emt 0:01:02]} 24. Rxd5 {[%emt 0:00:08]} exd5 {[%emt 0:00:47]} 25. Nf6+
{[%emt 0:00:02]} Kh8 {[%emt 0:00:03]} 26. Nxd7 {[%emt 0:00:02] } Rfd8 {[%emt
0:00:09]} 27. Nxf7+ {[%emt 0:00:03]} Kg8 {[%emt 0:00:02]} 28. Nxd8 {[%emt
0:00:02]} Rxd8 {[%emt 0:00:03]} 29. e6 {[%emt 0:00:07]} 1-0

[Event "DSJ Weihnachtsturnier U16: Steinitz 2020"]
[Site ""]
[Date "2020.12.28"]
[Round "1"]
[White "Tao, Alexander"]
[Black "Neumeier, Leonhard"]
[Result "1-0"]
[Termination "normal"]
[Board "5.4"]
[WhiteElo "1630"]
[BlackElo "1028"]
[WhiteTeam "SchVgg Blankenese von 1923"]
[BlackTeam "SK Kelheim 1920 2"]
[PlyCount "105"]
[WhiteFideId "34606033"]
[BlackFideId "34650822"]
[EventRounds "7"]
[EventType "team-swiss"]
[EventDate "2020.12.28"]

1. e4 {[%emt 0:00:23]} e5 {[%emt 0:00:02]} 2. Nf3 {[%emt 0:00:04]} Nc6 { [%emt
0:00:01]} 3. Bc4 {[%emt 0:00:03]} Bc5 {[%emt 0:00:02]} 4. O-O {[%emt 0:00:06]}
Nf6 {[%emt 0:00:02]} 5. d3 {[%emt 0:00:04]} h6 {[%emt 0:00:02]} 6. c3 { [%emt
0:00:07]} O-O {[%emt 0:00:03]} 7. Nbd2 {[%emt 0:00:08]} d6 {[%emt 0:00:02]} 8.
Re1 {[%emt 0:00:03]} Bg4 {[%emt 0:00:04]} 9. Nf1 {[%emt 0:00:12]} d5 { [%emt
0:00:29]} 10. exd5 {[%emt 0:00:19]} Nxd5 {[%emt 0:00:02]} 11. h3 { [%emt
0:00:08]} Bh5 {[%emt 0:00:06]} 12. Ng3 {[%emt 0:00:03]} Bg6 {[%emt 0:00:03]}
13. Nxe5 {[%emt 0:00:35]} Nxe5 {[%emt 0:00:04]} 14. Rxe5 {[%emt 0:00:02]} Nb6
{[%emt 0:00:13]} 15. Rxc5 {[%emt 0:00:18]} Nxc4 {[%emt 0:00:03]} 16. Rxc4 {
[%emt 0:00:16]} Bxd3 {[%emt 0:00:04]} 17. Rd4 {[%emt 0:00:04]} Bc2 {[%emt
0:00:35]} 18. Rxd8 {[%emt 0:00:15]} Bxd1 {[%emt 0:00:11]} 19. Rxd1 {[%emt
0:00:03]} Rfe8 {[%emt 0:00:11]} 20. Be3 {[%emt 0:00:03]} Kh7 {[%emt 0:00:05]}
21. Rd7 { [%emt 0:00:03]} Kg6 {[%emt 0:00:10]} 22. Rad1 {[%emt 0:00:04]} Kf6
{[%emt 0:00:07]} 23. Rxc7 {[%emt 0:00:05]} Rac8 {[%emt 0:00:08]} 24. Rdd7
{[%emt 0:00:02]} Rxc7 {[%emt 0:00:03]} 25. Rxc7 {[%emt 0:00:02]} Rb8 {[%emt
0:00:04]} 26. Ne4+ { [%emt 0:00:17]} Ke5 {[%emt 0:00:06]} 27. Nc5 {[%emt
0:00:06]} Kd6 {[%emt 0:00:09]} 28. Rxb7 {[%emt 0:00:08]} Rxb7 {[%emt 0:00:03]}
29. Nxb7+ {[%emt 0:00:02]} Kc7 {[%emt 0:00:04]} 30. Na5 {[%emt 0:00:06]} a6
{[%emt 0:00:05]} 31. Kf1 { [%emt 0:00:02]} Kd6 {[%emt 0:00:04]} 32. Ke2 {[%emt
0:00:03]} Kd5 {[%emt 0:00:02]} 33. Kd3 {[%emt 0:00:02]} Ke5 {[%emt 0:00:02]}
34. b4 {[%emt 0:00:06]} Kd5 {[%emt 0:00:12]} 35. c4+ {[%emt 0:00:07]} Kd6
{[%emt 0:00:02]} 36. Kd4 { [%emt 0:00:04]} Kc7 {[%emt 0:00:02]} 37. Kc5 {[%emt
0:00:03]} Kb8 {[%emt 0:00:02]} 38. Kb6 {[%emt 0:00:02]} Ka8 {[%emt 0:00:01]}
39. Kxa6 {[%emt 0:00:05]} Kb8 {[%emt 0:00:01]} 40. c5 {[%emt 0:00:07]} Kc7
{[%emt 0:00:02]} 41. b5 { [%emt 0:00:02]} Kb8 {[%emt 0:00:02]} 42. c6 {[%emt
0:00:03]} Kc7 {[%emt 0:00:02]} 43. b6+ {[%emt 0:00:02]} Kb8 {[%emt 0:00:02]}
44. b7 {[%emt 0:00:10]} Kc7 {[%emt 0:00:02]} 45. Bf4+ {[%emt 0:00:11]} Kd8
{[%emt 0:00:03]} 46. b8=Q+ { [%emt 0:00:05]} Ke7 {[%emt 0:00:02]} 47. Qd6+
{[%emt 0:00:05]} Ke8 {[%emt 0:00:02]} 48. c7 {[%emt 0:00:05]} f6 {[%emt
0:00:03]} 49. c8=Q+ {[%emt 0:00:04]} Kf7 {[%emt 0:00:01]} 50. Qcf8+ {[%emt
0:00:17]} Kg6 {[%emt 0:00:01]} 51. Qd3+ { [%emt 0:00:09]} Kh5 {[%emt 0:00:02]}
52. Qf7+ {[%emt 0:00:09]} Kh4 {[%emt 0:00:09]} 53. Qg3# {[%emt 0:00:05]} 1-0

[Event "DSJ Weihnachtsturnier U16: Steinitz 2020"]
[Site ""]
[Date "2020.12.28"]
[Round "1"]
[White "Herter, Arne"]
[Black "Reindl, Jork"]
[Result "1-0"]
[Termination "normal"]
[Board "6.1"]
[WhiteElo "1740"]
[BlackElo "1713"]
[WhiteTeam "Schachzwerge Magdeburg"]
[BlackTeam "SF 90 Spraitbach"]
[PlyCount "131"]
[WhiteFideId "16255372"]
[BlackFideId "16200152"]
[EventRounds "7"]
[EventType "team-swiss"]
[EventDate "2020.12.28"]

1. e4 {[%emt 0:00:04]} e6 {[%emt 0:00:01]} 2. d4 {[%emt 0:00:06]} d5 {[%emt
0:00:02]} 3. exd5 {[%emt 0:00:01]} exd5 {[%emt 0:00:00]} 4. Nf3 {[%emt
0:00:02]} Nf6 {[%emt 0:00:02]} 5. c4 {[%emt 0:00:07]} c6 {[%emt 0:00:05]} 6.
Bd3 { [%emt 0:00:13]} Bd6 {[%emt 0:00:02]} 7. O-O {[%emt 0:00:05]} O-O {[%emt
0:00:02]} 8. Nc3 {[%emt 0:00:03]} h6 {[%emt 0:00:10]} 9. Re1 {[%emt 0:00:08]}
Bg4 { [%emt 0:00:06]} 10. h3 {[%emt 0:00:03]} Bh5 {[%emt 0:00:04]} 11. g4
{[%emt 0:00:29]} Bg6 {[%emt 0:00:20]} 12. Ne5 {[%emt 0:00:04]} Bxd3 {[%emt
0:00:09]} 13. Qxd3 {[%emt 0:00:03]} Nbd7 {[%emt 0:00:16]} 14. cxd5 {[%emt
0:00:25]} cxd5 { [%emt 0:00:30]} 15. Bf4 {[%emt 0:00:46]} Nb6 {[%emt 0:00:35]}
16. Nb5 {[%emt 0:00:15]} Bxe5 {[%emt 0:00:15]} 17. Bxe5 {[%emt 0:00:43]} Nfd7
{[%emt 0:03:08]} 18. Bc7 {[%emt 0:00:43]} Qf6 {[%emt 0:00:21]} 19. Rac1 {[%emt
0:00:32]} Rac8 { [%emt 0:00:35]} 20. Nd6 {[%emt 0:00:46]} Ra8 {[%emt 0:01:43]}
21. Nxb7 { [%emt 0:00:21]} Nc4 {[%emt 0:00:30]} 22. b3 {[%emt 0:00:32]} Qc6
{[%emt 0:00:36]} 23. bxc4 {[%emt 0:01:42]} Qxc7 {[%emt 0:00:05]} 24. Nc5 {[%emt
0:00:07]} Nxc5 {[%emt 0:00:01]} 25. dxc5 {[%emt 0:00:02]} dxc4 {[%emt 0:00:01]}
26. Qxc4 {[%emt 0:00:02]} Rac8 {[%emt 0:00:07]} 27. Qa6 {[%emt 0:00:26]} Rfe8
{[%emt 0:00:17]} 28. Rxe8+ {[%emt 0:00:13]} Rxe8 {[%emt 0:00:00]} 29. Qd6
{[%emt 0:00:25]} Qxd6 {[%emt 0:00:08]} 30. cxd6 {[%emt 0:00:01]} Rd8 {[%emt
0:00:01]} 31. Rc7 {[%emt 0:00:05]} a6 {[%emt 0:00:09]} 32. d7 {[%emt 0:00:02]}
Kf8 {[%emt 0:00:04]} 33. Ra7 {[%emt 0:00:06]} Ke7 {[%emt 0:00:03]} 34. Rxa6
{[%emt 0:00:03]} Rxd7 {[%emt 0:00:01]} 35. Kg2 {[%emt 0:00:17]} g6 {[%emt
0:00:05]} 36. a4 { [%emt 0:00:02]} Kd8 {[%emt 0:00:09]} 37. Rc6 {[%emt
0:00:06]} Rd4 {[%emt 0:00:06]} 38. a5 {[%emt 0:00:06]} Ra4 {[%emt 0:00:02]} 39.
Ra6 {[%emt 0:00:01]} Kc7 {[%emt 0:00:09]} 40. Ra7+ {[%emt 0:00:01]} Kd6 {[%emt
0:00:01]} 41. Rxf7 { [%emt 0:00:01]} Rxa5 {[%emt 0:00:02]} 42. Rf6+ {[%emt
0:00:01]} Ke7 {[%emt 0:00:01]} 43. Rxg6 {[%emt 0:00:01]} h5 {[%emt 0:00:00]}
44. g5 {[%emt 0:00:07]} Kf7 {[%emt 0:00:02]} 45. Rf6+ {[%emt 0:00:01]} Kg7
{[%emt 0:00:01]} 46. f4 { [%emt 0:00:01]} Ra3 {[%emt 0:00:08]} 47. Rh6 {[%emt
0:00:03]} Ra4 {[%emt 0:00:02]} 48. Rxh5 {[%emt 0:00:09]} Rxf4 {[%emt 0:00:01]}
49. h4 {[%emt 0:00:01]} Re4 {[%emt 0:00:02]} 50. Rh6 {[%emt 0:00:02]} Ra4
{[%emt 0:00:03]} 51. Kg3 { [%emt 0:00:01]} Rb4 {[%emt 0:00:02]} 52. Rf6 {[%emt
0:00:01]} Rc4 {[%emt 0:00:03]} 53. Rf4 {[%emt 0:00:02]} Rc1 {[%emt 0:00:01]}
54. Kg4 {[%emt 0:00:02]} Rc8 {[%emt 0:00:01]} 55. h5 {[%emt 0:00:04]} Rc6
{[%emt 0:00:02]} 56. g6 {[%emt 0:00:04]} Kh6 {[%emt 0:00:05]} 57. Kh4 {[%emt
0:00:17]} Kg7 {[%emt 0:00:07]} 58. Rf7+ {[%emt 0:00:02]} Kg8 {[%emt 0:00:01]}
59. Kg5 {[%emt 0:00:03]} Rc5+ { [%emt 0:00:01]} 60. Kh6 {[%emt 0:00:01]} Rc6
{[%emt 0:00:01]} 61. Ra7 {[%emt 0:00:06]} Kf8 {[%emt 0:00:03]} 62. Kh7 {[%emt
0:00:03]} Rc7+ {[%emt 0:00:02]} 63. Rxc7 {[%emt 0:00:04]} Ke8 {[%emt 0:00:04]}
64. g7 {[%emt 0:00:00]} Kd8 { [%emt 0:00:02]} 65. Ra7 {[%emt 0:00:01]} Kc8
{[%emt 0:00:01]} 66. g8=Q# { [%emt 0:00:01]} 1-0

[Event "DSJ Weihnachtsturnier U16: Steinitz 2020"]
[Site ""]
[Date "2020.12.28"]
[Round "1"]
[White "Kühn von Burgsdorff, Johannes"]
[Black "Udelnov, Valentin"]
[Result "1/2-1/2"]
[Termination "normal"]
[Board "6.2"]
[WhiteElo "1568"]
[BlackElo "1748"]
[WhiteTeam "SF 90 Spraitbach"]
[BlackTeam "Schachzwerge Magdeburg"]
[PlyCount "58"]
[WhiteFideId "16234960"]
[BlackFideId "16265734"]
[EventRounds "7"]
[EventType "team-swiss"]
[EventDate "2020.12.28"]

1. Nf3 {[%emt 0:00:08]} Nf6 {[%emt 0:00:03]} 2. g3 {[%emt 0:00:01]} g6 { [%emt
0:00:02]} 3. Bg2 {[%emt 0:00:01]} Bg7 {[%emt 0:00:01]} 4. O-O {[%emt 0:00:01]}
O-O {[%emt 0:00:04]} 5. d4 {[%emt 0:00:01]} d6 {[%emt 0:00:02]} 6. b3 { [%emt
0:00:02]} Nc6 {[%emt 0:00:11]} 7. Bb2 {[%emt 0:00:02]} a6 {[%emt 0:00:06] } 8.
c4 {[%emt 0:00:30]} Rb8 {[%emt 0:00:11]} 9. Nc3 {[%emt 0:00:36]} b5 { [%emt
0:00:16]} 10. Qd2 {[%emt 0:01:07]} Na5 {[%emt 0:00:31]} 11. cxb5 { [%emt
0:00:11]} axb5 {[%emt 0:00:05]} 12. Rfc1 {[%emt 0:00:10]} c5 {[%emt 0:00:27]}
13. e3 {[%emt 0:00:25]} b4 {[%emt 0:00:10]} 14. Ne2 {[%emt 0:00:20]} Ne4 {
[%emt 0:00:23]} 15. Qd1 {[%emt 0:00:04]} Ba6 {[%emt 0:01:03]} 16. Nd2 {[%emt
0:01:07]} Nxd2 {[%emt 0:00:43]} 17. Qxd2 {[%emt 0:00:00]} Bb7 {[%emt 0:00:36]}
18. dxc5 {[%emt 0:00:28]} dxc5 {[%emt 0:00:22]} 19. Qxd8 {[%emt 0:00:10]} Rfxd8
{[%emt 0:00:14]} 20. Bxg7 {[%emt 0:00:01]} Kxg7 {[%emt 0:00:02]} 21. Rxc5 {
[%emt 0:00:11]} Bxg2 {[%emt 0:00:08]} 22. Kxg2 {[%emt 0:00:03]} Ra8 {[%emt
0:00:18]} 23. Rcc1 {[%emt 0:00:31]} e5 {[%emt 0:00:38] Magdebg3-002 offers a
draw } 24. h4 {[%emt 0:00:59]} Rd2 {[%emt 0:00:05]} 25. Kf1 {[%emt 0:00:07]}
Rb2 { [%emt 0:00:24]} 26. Rcb1 {[%emt 0:00:18]} Rc2 {[%emt 0:00:09]} 27. Rc1 {
[%emt 0:00:06]} Rb2 {[%emt 0:00:03]} 28. Rcb1 {[%emt 0:00:01]} Rc2 {[%emt
0:00:02]} 29. Rc1 {[%emt 0:00:01]} Rb2 {[%emt 0:00:01]} 1/2-1/2

[Event "DSJ Weihnachtsturnier U16: Steinitz 2020"]
[Site ""]
[Date "2020.12.28"]
[Round "1"]
[White "Pohle, Saskia"]
[Black "Baumann, Lucas"]
[Result "1-0"]
[Termination "normal"]
[Board "6.3"]
[WhiteElo "1815"]
[BlackElo "866"]
[WhiteTeam "Schachzwerge Magdeburg"]
[BlackTeam "SF 90 Spraitbach"]
[PlyCount "85"]
[WhiteFideId "16201604"]
[EventRounds "7"]
[EventType "team-swiss"]
[EventDate "2020.12.28"]

1. e4 {[%emt 0:00:02]} e6 {[%emt 0:00:05]} 2. d4 {[%emt 0:00:02]} d5 {[%emt
0:00:04]} 3. Nd2 {[%emt 0:00:03]} c5 {[%emt 0:00:02]} 4. exd5 {[%emt 0:00:19]}
exd5 {[%emt 0:00:05]} 5. c3 {[%emt 0:00:19]} Be6 {[%emt 0:00:30]} 6. Ngf3 {
[%emt 0:00:14]} Nd7 {[%emt 0:00:15]} 7. Be2 {[%emt 0:00:24]} g6 {[%emt 0:00:08]
} 8. O-O {[%emt 0:00:05]} Ngf6 {[%emt 0:00:03]} 9. dxc5 {[%emt 0:00:39]} Nxc5 {
[%emt 0:00:10]} 10. Re1 {[%emt 0:00:27]} Bg7 {[%emt 0:00:07]} 11. Bb5+ { [%emt
0:00:07]} Ncd7 {[%emt 0:00:07]} 12. Nd4 {[%emt 0:00:08]} O-O {[%emt 0:00:08]}
13. Nxe6 {[%emt 0:00:07]} fxe6 {[%emt 0:00:08]} 14. Rxe6 {[%emt 0:00:00]} Nc5
{[%emt 0:00:27]} 15. Re1 {[%emt 0:00:09]} Nfe4 {[%emt 0:00:20]} 16. Nxe4 {
[%emt 0:00:07]} Nxe4 {[%emt 0:00:08]} 17. f3 {[%emt 0:00:05]} Nf6 {[%emt
0:00:14]} 18. Bg5 {[%emt 0:00:14]} a6 {[%emt 0:00:11]} 19. Ba4 {[%emt 0:00:06]}
b5 { [%emt 0:00:03]} 20. Bb3 {[%emt 0:00:00]} Qb6+ {[%emt 0:00:22]} 21. Kh1 {
[%emt 0:00:10]} Rfe8 {[%emt 0:00:52]} 22. Bxf6 {[%emt 0:00:13]} Bxf6 {[%emt
0:00:02]} 23. Bxd5+ {[%emt 0:00:07]} Kg7 {[%emt 0:00:14]} 24. Bxa8 {[%emt
0:00:05]} Rxa8 {[%emt 0:00:02]} 25. Qd7+ {[%emt 0:00:05]} Kh6 {[%emt 0:00:06]}
26. Re6 {[%emt 0:00:30]} Qd8 {[%emt 0:00:23]} 27. Qxd8 {[%emt 0:00:09]} Bxd8 {
[%emt 0:00:04]} 28. Re8 {[%emt 0:00:01]} a5 {[%emt 0:00:13]} 29. Rd1 {[%emt
0:00:02]} Kg7 {[%emt 0:00:14]} 30. Rexd8 {[%emt 0:00:03]} Rxd8 {[%emt 0:00:02]}
31. Rxd8 {[%emt 0:00:01]} b4 {[%emt 0:00:05]} 32. cxb4 {[%emt 0:00:02]} axb4 {
[%emt 0:00:02]} 33. Rb8 {[%emt 0:00:01]} b3 {[%emt 0:00:04]} 34. Rxb3 {[%emt
0:00:02]} Kf7 {[%emt 0:00:03]} 35. a4 {[%emt 0:00:01]} Ke7 {[%emt 0:00:01]} 36.
Rb7+ {[%emt 0:00:02]} Kd8 {[%emt 0:00:02]} 37. a5 {[%emt 0:00:01]} Kc8 { [%emt
0:00:02]} 38. a6 {[%emt 0:00:01]} g5 {[%emt 0:00:05]} 39. Rxh7 {[%emt 0:00:03]}
Kb8 {[%emt 0:00:05]} 40. b4 {[%emt 0:00:05]} Ka8 {[%emt 0:00:05]} 41. b5 {[%emt
0:00:02]} Kb8 {[%emt 0:00:02]} 42. b6 {[%emt 0:00:01]} Ka8 {[%emt 0:00:01]} 43.
Rh8# {[%emt 0:00:01]} 1-0

[Event "DSJ Weihnachtsturnier U16: Steinitz 2020"]
[Site ""]
[Date "2020.12.28"]
[Round "1"]
[White "Gold, Michael"]
[Black "Schön, Florian"]
[Result "0-1"]
[Termination "normal"]
[Board "7.1"]
[WhiteElo "1408"]
[BlackElo "1642"]
[WhiteTeam "SK Kelheim 1920"]
[BlackTeam "VfB Schach Leipzig"]
[PlyCount "68"]
[WhiteFideId "34605169"]
[BlackFideId "16259394"]
[EventRounds "7"]
[EventType "team-swiss"]
[EventDate "2020.12.28"]

1. e4 {[%emt 0:00:04]} e5 {[%emt 0:00:03]} 2. Nf3 {[%emt 0:00:03]} Nc6 { [%emt
0:00:02]} 3. Bc4 {[%emt 0:00:02]} Bc5 {[%emt 0:00:02]} 4. d3 {[%emt 0:00:03]}
Nf6 {[%emt 0:00:03]} 5. c3 {[%emt 0:00:03]} d6 {[%emt 0:00:03]} 6. h3 { [%emt
0:00:01]} h6 {[%emt 0:00:03]} 7. Nbd2 {[%emt 0:00:02]} Be6 {[%emt 0:00:08]} 8.
Bb5 {[%emt 0:00:02]} O-O {[%emt 0:00:07]} 9. O-O {[%emt 0:00:04]} a6 { [%emt
0:00:10]} 10. Ba4 {[%emt 0:00:03]} Ba7 {[%emt 0:00:02]} 11. Re1 {[%emt
0:00:05]} Ne7 {[%emt 0:00:19]} 12. Nf1 {[%emt 0:00:04]} Ng6 {[%emt 0:00:10]}
13. Ng3 {[%emt 0:00:04]} c6 {[%emt 0:00:06]} 14. d4 {[%emt 0:00:04]} Qe7 {[%emt
0:00:29]} 15. Nf5 {[%emt 0:00:27]} Qd7 {[%emt 0:00:10]} 16. dxe5 {[%emt
0:00:08]} dxe5 {[%emt 0:00:10]} 17. Qxd7 {[%emt 0:00:07]} Bxd7 {[%emt 0:00:04]}
18. Rd1 { [%emt 0:00:02]} Bxf5 {[%emt 0:00:04]} 19. exf5 {[%emt 0:00:03]} Ne7
{[%emt 0:00:01]} 20. Nxe5 {[%emt 0:00:02]} Nxf5 {[%emt 0:00:03]} 21. Bf4 {[%emt
0:00:15] } Nd5 {[%emt 0:00:04]} 22. Bg3 {[%emt 0:00:07]} Rfe8 {[%emt 0:00:06]}
23. Re1 { [%emt 0:00:06]} Nxg3 {[%emt 0:00:07]} 24. Kh2 {[%emt 0:00:11]} Nf5
{[%emt 0:00:03]} 25. Bb3 {[%emt 0:00:25]} Bb8 {[%emt 0:00:05]} 26. f4 {[%emt
0:00:11]} Bxe5 {[%emt 0:00:12]} 27. fxe5 {[%emt 0:00:05]} Nfe7 {[%emt 0:00:15]}
28. Rad1 { [%emt 0:00:07]} Rad8 {[%emt 0:00:03]} 29. e6 {[%emt 0:00:30]} Ng6
{[%emt 0:00:20]} 30. exf7+ {[%emt 0:00:04]} Kxf7 {[%emt 0:00:02]} 31. Rf1+
{[%emt 0:00:04]} Kg8 {[%emt 0:00:05]} 32. c4 {[%emt 0:00:07]} Ne3 {[%emt
0:00:20]} 33. c5+ { [%emt 0:00:03]} Kh7 {[%emt 0:00:12]} 34. Rxd8 {[%emt
0:00:08]} Nxf1+ {[%emt 0:00:04]} 0-1

[Event "DSJ Weihnachtsturnier U16: Steinitz 2020"]
[Site ""]
[Date "2020.12.28"]
[Round "1"]
[White "Eisenschink, Fabian"]
[Black "Vecera, Fabio"]
[Result "1-0"]
[Termination "time forfeit"]
[Board "7.3"]
[WhiteElo "795"]
[BlackElo "1527"]
[WhiteTeam "SK Kelheim 1920"]
[BlackTeam "VfB Schach Leipzig"]
[PlyCount "21"]
[BlackFideId "16281705"]
[EventRounds "7"]
[EventType "team-swiss"]
[EventDate "2020.12.28"]

1. e4 {[%emt 0:00:09]} Nf6 {[%emt 0:00:03]} 2. Nc3 {[%emt 0:00:03]} d5 { [%emt
0:00:03]} 3. e5 {[%emt 0:00:35]} Ne4 {[%emt 0:00:04]} 4. Nxe4 {[%emt 0:00:07]}
dxe4 {[%emt 0:00:00]} 5. Qe2 {[%emt 0:00:02]} Bf5 {[%emt 0:00:16]} 6. d3 {[%emt
0:00:31]} exd3 {[%emt 0:00:05]} 7. cxd3 {[%emt 0:00:02]} Nc6 { [%emt 0:00:17]}
8. Nf3 {[%emt 0:00:03]} g6 {[%emt 0:00:15]} 9. Be3 {[%emt 0:00:36]} Bg7 {[%emt
0:00:05]} 10. d4 {[%emt 0:00:15]} O-O {[%emt 0:00:08]} 11. g3 { [%emt 0:00:09]
VfBLeip2-003 reconnected. TimeB} 1-0

[Event "DSJ Weihnachtsturnier U16: Steinitz 2020"]
[Site ""]
[Date "2020.12.28"]
[Round "1"]
[White "Widmann, Maximilian"]
[Black "Usik, Maxim"]
[Result "1-0"]
[Termination "time forfeit"]
[Board "7.4"]
[WhiteElo "1573"]
[BlackElo "1467"]
[WhiteTeam "VfB Schach Leipzig"]
[BlackTeam "SK Kelheim 1920"]
[PlyCount "117"]
[WhiteFideId "16281691"]
[BlackFideId "16222075"]
[EventRounds "7"]
[EventType "team-swiss"]
[EventDate "2020.12.28"]

1. Nf3 {[%emt 0:00:09]} d5 {[%emt 0:00:06]} 2. g3 {[%emt 0:00:09]} Nc6 { [%emt
0:00:03]} 3. Bg2 {[%emt 0:00:02]} e5 {[%emt 0:00:05]} 4. d3 {[%emt 0:00:02]}
Nf6 {[%emt 0:00:02]} 5. O-O {[%emt 0:00:06]} Bc5 {[%emt 0:00:08]} 6. c4 { [%emt
0:00:03]} O-O {[%emt 0:00:28]} 7. a3 {[%emt 0:00:08]} a5 {[%emt 0:00:36]} 8. b3
{[%emt 0:00:17]} Be6 {[%emt 0:00:34]} 9. Bb2 {[%emt 0:00:07]} Qd6 { [%emt
0:00:33]} 10. Nbd2 {[%emt 0:00:21]} Rfe8 {[%emt 0:00:33]} 11. Qc2 { [%emt
0:01:35]} Bf5 {[%emt 0:01:25]} 12. cxd5 {[%emt 0:01:05]} Nd4 {[%emt 0:01:43]}
13. Nxd4 {[%emt 0:00:49]} exd4 {[%emt 0:00:22]} 14. Nc4 {[%emt 0:00:18]} Qd7
{[%emt 0:00:14]} 15. b4 {[%emt 0:00:58]} axb4 {[%emt 0:00:09]} 16. axb4 { [%emt
0:00:09]} Bxb4 {[%emt 0:00:04]} 17. Bxd4 {[%emt 0:00:04]} Nxd5 {[%emt 0:00:14]}
18. Be3 {[%emt 0:01:26]} b5 {[%emt 0:01:13]} 19. Nb2 {[%emt 0:00:25]} Nxe3
{[%emt 0:00:12]} 20. fxe3 {[%emt 0:00:19]} h6 {[%emt 0:00:26]} 21. Rxa8 { [%emt
0:00:23]} Rxa8 {[%emt 0:00:04]} 22. Bxa8 {[%emt 0:00:06]} Qe7 {[%emt 0:00:44]}
23. Rxf5 {[%emt 0:00:37]} Qxe3+ {[%emt 0:00:11]} 24. Kf1 {[%emt 0:00:26]} Qe6
{[%emt 0:00:29]} 25. Be4 {[%emt 0:00:20]} g6 {[%emt 0:00:07]} 26. Rf3 {[%emt
0:00:18]} Qe5 {[%emt 0:00:05]} 27. Kg2 {[%emt 0:00:06]} f5 {[%emt 0:00:01]} 28.
Bd5+ {[%emt 0:00:02]} Kg7 {[%emt 0:00:02]} 29. Qb3 {[%emt 0:00:01]} Qf6 {[%emt
0:00:03]} 30. Nd1 {[%emt 0:00:01]} Be7 {[%emt 0:00:03]} 31. Ne3 { [%emt
0:00:01]} c6 {[%emt 0:00:02]} 32. Bg8 {[%emt 0:00:02]} Kh8 {[%emt 0:00:02]} 33.
Rf4 {[%emt 0:00:01]} Qg7 {[%emt 0:00:02]} 34. Rd4 {[%emt 0:00:00]} Bf8 {[%emt
0:00:01]} 35. Rd8 {[%emt 0:00:02]} Qxg8 {[%emt 0:00:01]} 36. Qxg8+ { [%emt
0:00:03]} Kxg8 {[%emt 0:00:01]} 37. Rd7 {[%emt 0:00:01]} Bg7 {[%emt 0:00:02]}
38. Kf3 {[%emt 0:00:02]} b4 {[%emt 0:00:02]} 39. Nd1 {[%emt 0:00:03]} b3 {
[%emt 0:00:01]} 40. Rb7 {[%emt 0:00:01]} c5 {[%emt 0:00:03]} 41. g4 {[%emt
0:00:01]} b2 {[%emt 0:00:02]} 42. Nxb2 {[%emt 0:00:03]} fxg4+ {[%emt 0:00:02]}
43. Kxg4 {[%emt 0:00:00]} h5+ {[%emt 0:00:02]} 44. Kg5 {[%emt 0:00:01]} Kh7 {
[%emt 0:00:02]} 45. Nc4 {[%emt 0:00:03]} Kh8 {[%emt 0:00:02]} 46. Rxg7 { [%emt
0:00:04]} Kxg7 {[%emt 0:00:02]} 47. e4 {[%emt 0:00:01]} Kf7 {[%emt 0:00:02]}
48. e5 {[%emt 0:00:00]} Ke6 {[%emt 0:00:02]} 49. Kxg6 {[%emt 0:00:01]} Ke7
{[%emt 0:00:01]} 50. Kxh5 {[%emt 0:00:02]} Ke6 {[%emt 0:00:01]} 51. Kg5 { [%emt
0:00:01]} Kd5 {[%emt 0:00:05]} 52. Kf5 {[%emt 0:00:03]} Kc6 {[%emt 0:00:02]}
53. e6 {[%emt 0:00:01]} Kc7 {[%emt 0:00:01]} 54. Kf6 {[%emt 0:00:01]} Kd8
{[%emt 0:00:01]} 55. e7+ {[%emt 0:00:02]} Ke8 {[%emt 0:00:02]} 56. Nd6+ { [%emt
0:00:01]} Kd7 {[%emt 0:00:04]} 57. e8=Q+ {[%emt 0:00:02]} Kxd6 {[%emt 0:00:04]}
58. Qd8+ {[%emt 0:00:02]} Kc6 {[%emt 0:00:02]} 59. Ke6 {[%emt 0:00:01] TimeB}
1-0